Представление документа в формате MARC21

Поле Инд. ПП Название Значение
Тип записи a
Библиографический уровень m
001 Контрольный номер RU/LIBMSTU/353429980
005 Дата корректировки 20160525160843.6
008 Кодируемые данные 110314|||||||||ru |||||||||||000|||rus||
020 c Цена, тираж 350-00
040 b Код языка каталог. rus
041 0_ a Код языка текста rus
084 a Индекс другой классификации/Индекс ББК 74.484+65.291.212+65.291.551+65.9(2Рос-4Мур)
090 a Полочн. индекс 74.48
x Авторский знак С 56
245 10 a Заглавие Совершенствование системы подготовки и переподготовки менеджеров и специалистов для инновационного развития Мурманской области
b Продолж. заглавия материалы междунар. науч.-практ. конф., Апатиты, 11-13 нояб. 2009 г.
c Ответственность М-во образования и науки Мурман. обл. [и др. ; Акопов В. И. и др. ; сост. В. А. Цукерман, И. О. Волченко, Е. С. Горячевская]
260 a Место издания Мурманск
b Издательство МОИПКРОиК
c Дата издания 2010
300 a Объем 319 с.
b Иллюстрации/ тип воспроизводства цв. ил.
500 10 a Примечание Авт. указаны на с. 313-316
504 a Библиография Библиогр. в конце ст.
583 x Служебное примечание Арктические исследования
x Служебное примечание Краеведческий каталог
650 a Основная рубрика Кадры-Управление-Конференции
650 14 a Основная рубрика Инновации-Конференции
651 a Географическое наименование Мурманская область
651 a Географическое наименование Республика Коми
653 a Ключевые слова Высококвалифицированные кадры
a Ключевые слова Инновационное развитие
a Ключевые слова Исследования арктические
a Ключевые слова Кадры
a Ключевые слова Конференции международные
a Ключевые слова Конференции научно-практические
a Ключевые слова Менеджмент инновационный
a Ключевые слова Менеджмент кадровый
a Ключевые слова Подготовка кадров
a Ключевые слова Подготовка менеджеров
a Ключевые слова Трудоустройство выпускников
a Ключевые слова Управление персоналом
700 1_ a Другие авторы Цукерман В. А.
e Роль лиц сост.
700 1_ a Другие авторы Волченко И. О.
e Роль лиц сост.
700 1_ a Другие авторы Горячевская Е. С.
e Роль лиц сост.
700 1_ a Другие авторы Акопов В. И.
e Роль лиц авт.
700 1_ a Другие авторы Дубровин С. Ю.
e Роль лиц авт.
700 1_ a Другие авторы Науменко Б. В.
e Роль лиц авт.
700 1_ a Другие авторы Панкратов А. А.
e Роль лиц авт.
700 1_ a Другие авторы Петров Б. Ф.
e Роль лиц авт.
901 t Тип документа m